00398pab a2200157 454500008004000000100002400040245004800064260000900112300001600121362000800137650001500145650001800160700002500178700001900203773001800222180718b2009 xxu||||| |||| 00| 0 eng d aConstant, Amelie F. aEthnic identity and immigrant homeownership c2009 ap.1879-898. aAug aImmigrants aEthnic groups aZimmermann, Klaus F. aRoberts, Rowan aUrban Studies